000 00378nam a22001697a 4500
003 MPLRDC
005 20220104124703.0
008 210129b ||||| |||| 00| 0 eng d
082 _a690.3 LY
100 _a吕茵
245 _a南国风光
_c
250 _a初版
260 _a
_b照明出版社
_c1979
300 _b
650 _a中国游记
942 _cBK
_o690.3 LY
999 _c21334
_d21324